Enciclopedia del maestro albañil / (Registro nro. 11561)

Detalles MARC
000 -LIDER
fixed length control field 00644nam a22002297a 4500
001 - NÚMERO DE CONTROL
Identificador de número de control 000556
003 - IDENTIFICACDOR DE NÚMERO DE CONTROL
control field DO-SdBNP
005 - DATE AND TIME OF LATEST TRANSACTION
control field 20220704123004.0
007 - CAMPOS FIJOS DE DESCRIPCIÓN FÍSICA
fixed length control field 000556
008 - ELEMENTOS DE LONGITUD FIJA
fixed length control field 161013b 2009 sp a|| 00| 0 spa d
020 ## - ISBN
International Standard Book Number 9788483691236
040 ## - FUENTE DE CATALOGACIÓN
Agencia que crea de manera original el registro BPMSU
Idioma de catalogación spa
Agencia que realiza la transcripción BPMSU
082 ## - NÚMERO DE CLASIFICACIÓN DECIMAL DE DEWEY
Classification number R624
Item number M385e 2009
Edition number 22
100 1# - ASIENTO PRINCIPAL -- NOMBRE PERSONAL
Nombre personal Martínez, Alfredo
245 10 - MENCIÓN DE TITULO
Título Enciclopedia del maestro albañil /
Mención de responsabilidad textos Alfredo Martínez.
260 0# - PUBLICACIÓN, DISTRIBUCIÓN, ETC. (PIE DE IMPRENTA)
Lugar de publicación, distribución, etc Madrid :
Nombre del editor, distribuidor, etc. Grupo Cultural,
Fecha de publicación, distribución, etc 2009.
300 ## - DESCRIPCIÓN FÍSICA
Extensión 432 p. :
Otros detalles físicos il. ;
Dimensiones 26 cm.
650 #4 - ENCABEZAMIENTO DE MATERIA--TEMÁTICO
Término temático o nombre geográfico como elemento de entrada Albañilería
650 #4 - ENCABEZAMIENTO DE MATERIA--TEMÁTICO
Término temático o nombre geográfico como elemento de entrada Construcción
910 ## - VALIDACIÓN
Validación VMateo V/Validado. Control de calidad MFF
942 ## - ADDED ENTRY ELEMENTS (KOHA)
Source of classification or shelving scheme Dewey Decimal Classification
Koha item type Libros
Existencias
Withdrawn status Lost status Source of classification or shelving scheme Damaged status Not for loan Collection code Home library Current library Date acquired Source of acquisition Full call number Barcode Date last seen Price effective from Koha item type
    Dewey Decimal Classification     Colección General Biblioteca Pública Metropolitana Salomé Ureña Biblioteca Pública Metropolitana Salomé Ureña 10/13/2016 Sin sellar BPMSU CGR R624 M385e 2009 BPMSU16100163 10/13/2016 10/13/2016 Libros